000 00326nam a22001457a 4500
008 210429b ||||| |||| 00| 0 eng d
020 _a9780143037750
041 _aeng
080 _a94
082 _a94
100 _a16
101 _aSHH
245 _aPost War a History of Europe Since 1945
_cTony Judt
942 _2udc
_cBK
999 _c56987
_d56987